| 000 | 01038nam a2200325 a 4500 | ||
|---|---|---|---|
| 001 | 2565 | ||
| 003 | CO-ViMGA | ||
| 005 | 20260506212337.0 | ||
| 008 | 141112s2004 ck r 000 u spa d | ||
| 020 | _a9789587584622 | ||
| 040 |
_aCO-ViMGA _bspa _cCO-ViMGA |
||
| 041 | _aSPA | ||
| 100 | 1 |
_aColasanti, Marina, 1937 - _937583 |
|
| 245 | 1 | 0 |
_aLa amistad bate la cola / _cMarina Colasanti ; ilustrado por Claudia Rueda ; traducido por Beatriz Peña |
| 250 | _a1a ed. | ||
| 300 | _a43 p. : il. col. : il. | ||
| 490 | _aNidos para la lectura : yo leo solo | ||
| 500 | _aTítulo original : A amizadeabana o rabo | ||
| 650 | 1 | 4 |
_aAMISTAD - CUENTO _92349 |
| 650 | 1 | 4 |
_aAUTORES BRASILEÑOS _91011 |
| 650 | 1 | 4 |
_aCONVIVENCIA - CUENTO _937584 |
| 650 | 1 | 4 |
_aDESDE LOS 6 AÑOS _92351 |
| 650 | 1 | 4 | _aILUSTRADORES COLOMBIANOS |
| 650 | 1 | 4 |
_aLITERATURA INFANTIL BRASILEÑA _91010 |
| 650 | 1 | 4 | _aMASCOTAS - CUENTO |
| 650 | 1 | 4 |
_aVIDA RURAL - CUENTO _937587 |
| 700 | 1 | _aPeña, Beatriz | |
| 700 | 1 | _aRueda, Claudia | |
| 942 |
_2ddc _cBKINF |
||
| 999 |
_c2565 _d2565 |
||